[Event "SUI-chT Reichenstein-Geneve"]
[Site "?"]
[Date "2009.06.13"]
[Round "2.5"]
[White "Heimann, Andreas"]
[Black "Gerber, Richard"]
[Result "1-0"]
[WhiteElo "2389"]
[BlackElo "2357"]
[PlyCount "135"]
[EventDate "2009.04.29"]
[SourceDate "2001.01.01"]

1. e4 c5 2. Ne2 g6 3. d4 cxd4 4. Nxd4 Nf6 5. f3 Bg7 6. c4 O-O 7. Be3 Nc6 8. Qd2
d6 9. Nc3 Nxd4 10. Bxd4 Be6 11. Be2 Qa5 12. Rc1 Rfc8 13. b3 a6 14. Be3 h5 15.
Nd5 Qxd2+ 16. Kxd2 Nxd5 17. exd5 Bd7 18. Bd3 b5 19. Rhe1 b4 20. Re2 Bb2 21. Rh1
Bf6 22. h4 Kg7 23. Bg5 Bc3+ 24. Kc2 e6 25. dxe6 Bxe6 26. Be4 Ra7 27. Rd1 a5 28.
a4 Rd7 29. Kb1 Re8 30. Re3 f6 31. Bf4 Bf7 32. Red3 d5 33. Bd2 Be5 34. Bxd5 Bg3
35. Bxf7 Rxf7 36. f4 Bf2 37. Rf1 Re2 38. Kc2 Rfe7 39. Kd1 f5 40. Rh1 Kf7 41.
Rd7 R2e4 42. Rxe7+ Kxe7 43. Rh3 Ke6 44. Rd3 Bd4 45. Bc1 Ke7 46. Kc2 Ke6 47. Bd2
Kd6 48. Be3 Rxe3 49. Rxd4+ Kc6 50. Rd5 Rc3+ 51. Kb2 Rg3 52. Rxa5 Rxg2+ 53. Kb1
Rg1+ 54. Kc2 Rg2+ 55. Kd3 Rg4 56. Rb5 Rxf4 57. Rxb4 Rxh4 58. a5 Rh1 59. Rb6+
Kc7 60. Kd4 Rb1 61. Kc5 h4 62. a6 h3 63. Rb7+ Kc8 64. Rh7 Kb8 65. b4 g5 66. b5
g4 67. a7+ Ka8 68. Kb6 1-0

[Event "SUI-chT Geneve-Reichenstein"]
[Site "?"]
[Date "2009.06.13"]
[Round "2.6"]
[White "Vuilleumier, Alexandre"]
[Black "Drabke, Lorenz"]
[Result "0-1"]
[WhiteElo "2301"]
[BlackElo "2432"]
[PlyCount "82"]
[EventDate "2009.04.29"]
[SourceDate "2001.01.01"]

1. d4 d5 2. c4 c6 3. Nc3 dxc4 4. a4 e5 5. dxe5 Qxd1+ 6. Kxd1 Na6 7. Bg5 h6 8.
Bh4 Be6 9. Rc1 g5 10. Bg3 O-O-O+ 11. Kc2 Ne7 12. Kb1 Bg7 13. Nf3 Nf5 14. e3 g4
15. Nd4 Nxd4 16. exd4 Rxd4 17. f3 Bf5+ 18. Ne4 Nc5 19. Bf2 Rxe4 20. fxe4 Nxe4
21. Bxa7 Ng3+ 22. Ka2 Nxh1 23. Bxc4 Bxe5 24. Rxh1 f6 25. Rf1 Bd7 26. Bb6 Re8
27. g3 Be6 28. Bxe6+ Rxe6 29. Rf5 Rd6 30. Ba5 Rd5 31. Bb4 Bd4 32. Rf4 h5 33.
Be7 f5 34. b4 Kd7 35. Bf8 Be3 36. Rf1 Rd2+ 37. Kb3 Rxh2 38. Rxf5 Rh3 39. Rf7+
Ke8 40. Rf5 Rxg3 41. Bc5 Bxc5+ 0-1

[Event "SUI-chT Reichenstein-Geneve"]
[Site "?"]
[Date "2009.06.13"]
[Round "2.7"]
[White "Wirthensohn, Heinz"]
[Black "Kovacevic, Vladimir"]
[Result "1-0"]
[WhiteElo "2396"]
[BlackElo "2218"]
[PlyCount "78"]
[EventDate "2009.04.29"]
[SourceDate "2001.01.01"]

1. d4 Nf6 2. Nf3 e6 3. Bf4 c5 4. e3 b6 5. Nbd2 cxd4 6. exd4 Be7 7. a4 a6 8. Nc4
d6 9. Bd3 Qc7 10. a5 bxa5 11. Nxa5 Nc6 12. Nxc6 Qxc6 13. O-O Bb7 14. c4 O-O 15.
Re1 Rfe8 16. Bd2 Bf8 17. Bc3 h6 18. Rc1 Nh5 19. Qd2 g6 20. b4 Bg7 21. Be4 d5
22. cxd5 exd5 23. Bd3 Nf6 24. Ne5 Qd6 25. Qf4 Rad8 26. b5 Re6 27. Ba5 Ra8 28.
Rc7 axb5 29. Rxb7 Rxa5 30. Rxf7 Qb4 31. Rb1 Rxe5 32. Rxg7+ Kxg7 33. Qxe5 Qa3
34. Qc7+ Kh8 35. Bxg6 Ra7 36. Qe5 Kg7 37. Bf5 Re7 38. Qf4 Qc3 39. g4 b4 1-0

[Event "SUI-chT Riehen-Luzern"]
[Site "?"]
[Date "2009.04.26"]
[Round "3.1"]
[White "Cvitan, Ognjen"]
[Black "Huebner, Robert"]
[Result "1/2-1/2"]
[WhiteElo "2511"]
[BlackElo "2602"]
[PlyCount "21"]
[EventDate "2009.??.??"]
[SourceDate "2001.01.01"]

1. d4 Nf6 2. c4 e6 3. Nf3 b6 4. a3 d5 5. Nc3 Be7 6. Bg5 O-O 7. e3 Bb7 8. cxd5
Nxd5 9. Bxe7 Qxe7 10. Nxd5 Bxd5 11. Rc1 1/2-1/2

[Event "SUI-chT Luzern-Riehen"]
[Site "?"]
[Date "2009.04.26"]
[Round "3.2"]
[White "Kurmann, Oliver"]
[Black "Buss, Ralph"]
[Result "0-1"]
[WhiteElo "2441"]
[BlackElo "2361"]
[PlyCount "110"]
[EventDate "2009.??.??"]
[SourceDate "2001.01.01"]

1. e4 c5 2. Nf3 d6 3. c3 Nf6 4. h3 Nbd7 5. Bd3 b6 6. O-O Bb7 7. Re1 g6 8. Bc2
Bg7 9. d4 cxd4 10. cxd4 e5 11. Nc3 O-O 12. d5 Ne8 13. Be3 Ndf6 14. Nd2 Kh8 15.
Nc4 Ng8 16. Qd2 Rc8 17. Bd3 f5 18. f3 fxe4 19. fxe4 Rf7 20. a4 Rfc7 21. Na3 Ra8
22. Ncb5 Rf7 23. a5 Ba6 24. axb6 axb6 25. Rac1 h5 26. Rc6 Rb8 27. Rec1 Kh7 28.
Nc3 Bxd3 29. Qxd3 Bh6 30. Ncb5 Ne7 31. R6c2 Bxe3+ 32. Qxe3 Rc8 33. b4 Rxc2 34.
Rxc2 Nc8 35. Qc3 Na7 36. Nxa7 Rxa7 37. Nb5 Rf7 38. Qc8 Qe7 39. Qe6 Qf8 40. Kh2
Rf1 41. Rc3 h4 42. Qd7+ Kh6 43. Rf3 Rxf3 44. gxf3 Qf4+ 45. Kg2 Qg3+ 46. Kf1
Qxf3+ 47. Ke1 Qxe4+ 48. Kd2 Qxd5+ 49. Kc2 Nf6 50. Qxd6 Qxd6 51. Nxd6 Kg5 52.
Kd3 Kf4 53. b5 g5 54. Ke2 Nd5 55. Kf2 e4 0-1

[Event "SUI-chT Riehen-Luzern"]
[Site "?"]
[Date "2009.04.26"]
[Round "3.3"]
[White "Ekstroem, Roland"]
[Black "Papa, Severin"]
[Result "1/2-1/2"]
[WhiteElo "2516"]
[BlackElo "2449"]
[PlyCount "45"]
[EventDate "2009.??.??"]
[SourceDate "2001.01.01"]

1. d4 d5 2. c4 c6 3. Nf3 Nf6 4. Nc3 Qb6 5. c5 Qc7 6. g3 Bg4 7. Bf4 Qc8 8. Ne5
Be6 9. Bg2 g6 10. O-O Bg7 11. Qd2 O-O 12. Bh6 Bh3 13. b4 Bxh6 14. Qxh6 Bxg2 15.
Kxg2 Nbd7 16. f4 Kh8 17. Rac1 Nxe5 18. fxe5 Ng8 19. Qf4 f5 20. exf6 Nxf6 21.
Rf3 Qe6 22. Rcf1 Kg7 23. Qg5 1/2-1/2

[Event "SUI-chT Luzern-Riehen"]
[Site "?"]
[Date "2009.04.26"]
[Round "3.4"]
[White "Atlas, Valery"]
[Black "Brendel, Oliver"]
[Result "1/2-1/2"]
[WhiteElo "2429"]
[BlackElo "2338"]
[PlyCount "118"]
[EventDate "2009.??.??"]
[SourceDate "2001.01.01"]

1. e4 c5 2. Nf3 g6 3. d4 cxd4 4. Nxd4 Nc6 5. Nc3 Bg7 6. Nde2 Nf6 7. g3 b5 8.
Bg2 Rb8 9. O-O d6 10. Nd5 O-O 11. c3 Re8 12. Bg5 Ng4 13. Nd4 Nxd4 14. cxd4 h6
15. Bc1 Kh7 16. Nb4 Qb6 17. h3 Nxf2 18. Rxf2 Bxd4 19. Nd3 Be6 20. Bd2 Rbc8 21.
Be1 a5 22. Nf4 Rf8 23. Nd5 Bxd5 24. exd5 Rc4 25. Qe2 Qc7 26. Rd1 Bxf2+ 27. Bxf2
b4 28. Rd2 a4 29. Be4 b3 30. axb3 axb3 31. Bd3 Rc1+ 32. Kh2 Rc8 33. h4 Rc2 34.
h5 Rxd2 35. Qxd2 Qc1 36. hxg6+ fxg6 37. Qe2 Qg5 38. Bd4 Rf8 39. Be4 h5 40. Be3
Qe5 41. Bf4 Rxf4 42. gxf4 Qxf4+ 43. Kh3 Kg7 44. Bd3 Qg5 45. Qg2 Qf6 46. Qe4 Kh6
47. Kg3 Kg7 48. Bc4 Qg5+ 49. Kh3 Qf6 50. Bxb3 Qf1+ 51. Kg3 Qg1+ 52. Kh3 Qf1+
53. Kg3 Qg1+ 54. Kf3 Qh1+ 55. Ke3 Qh3+ 56. Qf3 Qh2 57. Qf2 Qh3+ 58. Qf3 Qh2 59.
Qf2 Qh3+ 1/2-1/2

[Event "SUI-chT Riehen-Luzern"]
[Site "?"]
[Date "2009.04.26"]
[Round "3.5"]
[White "Kaenel, Hansjuerg"]
[Black "Zueger, Beat"]
[Result "1/2-1/2"]
[WhiteElo "2328"]
[BlackElo "2415"]
[PlyCount "67"]
[EventDate "2009.??.??"]
[SourceDate "2001.01.01"]

1. Nf3 d6 2. d4 g6 3. e3 Bg7 4. c4 c5 5. dxc5 Qa5+ 6. Bd2 Qxc5 7. Bc3 Nf6 8.
Be2 O-O 9. O-O Bg4 10. Nbd2 Nbd7 11. h3 Bxf3 12. Nxf3 Rfc8 13. b4 Qc7 14. Rc1
a5 15. a3 axb4 16. axb4 Ra2 17. Nd2 Rca8 18. Bd3 Ne8 19. Bxg7 Nxg7 20. Rc2 Qb6
21. b5 Nc5 22. Ne4 Nxe4 23. Bxe4 Ne6 24. Bd5 Nc5 25. h4 Rxc2 26. Qxc2 Qd8 27.
g3 Qf8 28. Qd1 Ra2 29. h5 Qg7 30. Qf3 b6 31. h6 Qf8 32. Qf4 Nd3 33. Qd4 Nc5 34.
Qf4 1/2-1/2

[Event "SUI-chT Luzern-Riehen"]
[Site "?"]
[Date "2009.04.26"]
[Round "3.6"]
[White "Almada, Enrique"]
[Black "Aumann, Welf"]
[Result "0-1"]
[WhiteElo "2326"]
[BlackElo "2328"]
[PlyCount "57"]
[EventDate "2009.??.??"]
[SourceDate "2001.01.01"]

1. d4 d5 2. c4 dxc4 3. e4 Nc6 4. d5 Ne5 5. Qd4 Ng6 6. Nc3 e5 7. Qxc4 a6 8. Be3
Nf6 9. f3 Be7 10. Rd1 O-O 11. Bd3 Ne8 12. Nge2 Nd6 13. Qb3 Bh4+ 14. g3 Bg5 15.
Bf2 Bh3 16. Rg1 Qf6 17. Nc1 Qxf3 18. Be2 Qf6 19. Nd3 Qe7 20. g4 Nh4 21. Rg3 Bg2
22. Nc5 Bf4 23. Rdd3 b6 24. Rxg2 Nxg2+ 25. Kf1 bxc5 26. Rh3 Ne3+ 27. Bxe3 Bxe3
28. Rxe3 Qg5 29. Kf2 0-1

[Event "SUI-chT Riehen-Luzern"]
[Site "?"]
[Date "2009.04.26"]
[Round "3.7"]
[White "Schmidt Schaeffer, Sebastian"]
[Black "Rusev, Aleksandar"]
[Result "1-0"]
[WhiteElo "2287"]
[BlackElo "2237"]
[PlyCount "75"]
[EventDate "2009.??.??"]
[SourceDate "2001.01.01"]

1. f4 d5 2. Nf3 Bg4 3. e3 Nc6 4. d4 Nf6 5. h3 Bxf3 6. Qxf3 Ne4 7. Nd2 f5 8. Bb5
e6 9. O-O Qd7 10. c4 O-O-O 11. Nxe4 fxe4 12. Qe2 Qd6 13. Bd2 Nb8 14. Rac1 c6
15. cxd5 exd5 16. Qd1 Rd7 17. Be2 Rc7 18. Qa4 b6 19. a3 Kb7 20. Bb4 Qd8 21.
Bxf8 Rxf8 22. b4 Rf6 23. Qb3 b5 24. a4 a6 25. Rc2 g5 26. axb5 axb5 27. Qc3 gxf4
28. exf4 Qd6 29. g3 Nd7 30. Rfc1 Rg6 31. Kh2 Nf6 32. Bxb5 Nh5 33. Qa3 Rxg3 34.
Qa6+ Kb8 35. Rxc6 Rg2+ 36. Kxg2 Rg7+ 37. Kh1 Ng3+ 38. Kh2 1-0

[Event "SUI-chT Luzern-Riehen"]
[Site "?"]
[Date "2009.04.26"]
[Round "3.8"]
[White "Raeber, Markus"]
[Black "Giertz, Niklaus"]
[Result "0-1"]
[WhiteElo "2290"]
[BlackElo "2269"]
[PlyCount "80"]
[EventDate "2009.??.??"]
[SourceDate "2001.01.01"]

1. d4 d5 2. Nf3 Nf6 3. g3 g6 4. Bg2 Bg7 5. O-O O-O 6. c4 dxc4 7. Qc2 Nc6 8. Rd1
Nd7 9. d5 Nce5 10. Nxe5 Nxe5 11. f4 Ng4 12. h3 Nf6 13. e4 c6 14. dxc6 Qb6+ 15.
Kh2 bxc6 16. Nc3 e5 17. Na4 Qb5 18. f5 gxf5 19. Nc3 Qc5 20. exf5 e4 21. Nxe4
Bxf5 22. Nxc5 Bxc2 23. Rd4 c3 24. bxc3 Nd5 25. Rg4 Bf5 26. Rg5 Bg6 27. Bd2 Rfe8
28. Bf3 Rad8 29. Rc1 h6 30. Rxg6 fxg6 31. c4 Nb6 32. Ba5 Rd4 33. Bxc6 Re2+ 34.
Kg1 Rd6 35. Re1 Rxa2 36. Bxb6 Rxc6 37. Nd3 axb6 38. h4 Ra1 39. Rxa1 Bxa1 40.
Nf4 Kf7 0-1

[Event "SUI-chT Bodan-Reichenstein"]
[Site "?"]
[Date "2009.04.26"]
[Round "3.1"]
[White "Hommeles, Theo"]
[Black "Riff, Jean Noel"]
[Result "1/2-1/2"]
[WhiteElo "2410"]
[BlackElo "2469"]
[PlyCount "75"]
[EventDate "2009.04.27"]
[SourceDate "2001.01.01"]

1. e4 c5 2. Nf3 d6 3. d4 Nf6 4. Nc3 cxd4 5. Nxd4 e6 6. Be2 Be7 7. O-O O-O 8. f4
Nc6 9. Kh1 Qc7 10. Be3 Nxd4 11. Qxd4 b6 12. e5 dxe5 13. fxe5 Bc5 14. Qh4 Nd7
15. Bd3 g6 16. Bh6 Bb7 17. Be4 Ba6 18. Rfd1 f5 19. exf6 Rae8 20. Bf4 Qc8 21.
Bg5 Rf7 22. Rd2 Ref8 23. Bh6 Nxf6 24. Bxf8 Qxf8 25. Bf3 Kg7 26. Rdd1 h6 27. Qe1
Qb8 28. Qxe6 Re7 29. Qh3 Bf2 30. g3 Qe5 31. Qh4 g5 32. Qa4 Bc8 33. Qb5 Bc5 34.
Qe2 Qf5 35. Qf1 Ng4 36. Bxg4 Qxg4 37. Rd2 Bb7+ 38. Rd5 1/2-1/2

[Event "SUI-chT Reichenstein-Bodan"]
[Site "?"]
[Date "2009.04.26"]
[Round "3.2"]
[White "Sokolov, Andrei"]
[Black "Zeller, Frank"]
[Result "1-0"]
[WhiteElo "2562"]
[BlackElo "2455"]
[PlyCount "101"]
[EventDate "2009.04.27"]
[SourceDate "2001.01.01"]

1. e4 c5 2. Nf3 d6 3. d4 cxd4 4. Nxd4 Nf6 5. Nc3 g6 6. Be3 Bg7 7. f3 Nc6 8. Qd2
O-O 9. O-O-O d5 10. exd5 Nxd5 11. Nxc6 bxc6 12. Bd4 e5 13. Bc5 Be6 14. Ne4 Re8
15. Bc4 Qc7 16. h4 h6 17. g4 Red8 18. Qf2 Nf4 19. Bxe6 Nxe6 20. h5 Qa5 21. a3
g5 22. Rxd8+ Rxd8 23. Bxa7 Nd4 24. Bc5 Rb8 25. Rd1 Rb5 26. Bxd4 exd4 27. Nd6
Rb8 28. Nc4 Qd5 29. Qe2 Kh8 30. Re1 Kg8 31. Qd3 Rf8 32. a4 Rb8 33. a5 Ra8 34.
Re4 Qd8 35. Kb1 Qb8 36. Qe2 Qd8 37. Nb6 Rb8 38. Re7 d3 39. cxd3 Bf8 40. Rd7 Qf6
41. d4 c5 42. Qe5 Rxb6 43. axb6 Qxf3 44. dxc5 Qf1+ 45. Kc2 Qc4+ 46. Qc3 Qa4+
47. Qb3 Qxd7 48. b7 Qxg4 49. b8=Q Qf5+ 50. Qd3 Qxc5+ 51. Kb1 1-0

[Event "SUI-chT Bodan-Reichenstein"]
[Site "?"]
[Date "2009.04.26"]
[Round "3.3"]
[White "Knoedler, Dieter"]
[Black "Volke, Karsten"]
[Result "1/2-1/2"]
[WhiteElo "2359"]
[BlackElo "2462"]
[PlyCount "36"]
[EventDate "2009.04.27"]
[SourceDate "2001.01.01"]

1. Nf3 c5 2. c4 Nf6 3. g3 b6 4. Bg2 Bb7 5. O-O e6 6. b3 Be7 7. Bb2 O-O 8. Nc3
d5 9. e3 Nbd7 10. d3 a6 11. Qe2 Qc7 12. Rfd1 Rad8 13. Rac1 Qb8 14. cxd5 Nxd5
15. Nxd5 Bxd5 16. e4 Bb7 17. a3 Rfe8 18. Bc3 Bf8 1/2-1/2

[Event "SUI-chT Reichenstein-Bodan"]
[Site "?"]
[Date "2009.04.26"]
[Round "3.4"]
[White "Drabke, Lorenz"]
[Black "Wildi, Marcel"]
[Result "1-0"]
[WhiteElo "2432"]
[BlackElo "2274"]
[PlyCount "201"]
[EventDate "2009.04.27"]
[SourceDate "2001.01.01"]

1. e4 e6 2. d3 d5 3. Nd2 c5 4. Ngf3 Nc6 5. g3 Bd6 6. Bg2 Nge7 7. O-O O-O 8. Nh4
Qc7 9. f4 f6 10. c3 Bd7 11. Ndf3 d4 12. Qe2 e5 13. f5 b5 14. c4 bxc4 15. dxc4
Be8 16. g4 h6 17. Ne1 Bf7 18. Nhf3 Rfb8 19. h4 Kf8 20. g5 hxg5 21. hxg5 Ng8 22.
Nh4 fxg5 23. Bxg5 Be7 24. Nef3 Bf6 25. Rad1 a5 26. Bc1 Qd8 27. Ng6+ Ke8 28. Nh8
Ra7 29. Bh3 Bh5 30. Qg2 Kd7 31. Bg4 Bxg4 32. Qxg4 Nh6 33. Bxh6 Qxh8 34. Bc1 Kc7
35. Rf2 a4 36. Ng5 Bxg5 37. Qxg5 Rf8 38. Rh2 Qg8 39. b3 axb3 40. axb3 Kb8 41.
Rf1 Ka8 42. Rg2 Qf7 43. Bd2 Nb8 44. Qg3 Nc6 45. Qh4 Ra2 46. Rf3 Qb7 47. Rfg3
Rc8 48. Qh7 Nb8 49. Qxg7 Qxe4 50. Qg4 Qb1+ 51. Kh2 Ra1 52. Rh3 Rf8 53. Rh5 Ra7
54. Bh6 Rff7 55. Qf3+ Rab7 56. Rg1 Qxb3 57. Ra1+ Na6 58. Rxa6+ Kb8 59. Qxb3
Rxb3 60. Rg5 Kb7 61. Rag6 Rf3 62. Rg7 Rxg7 63. Bxg7 d3 64. Bxe5 d2 65. Rg7+ Kc8
66. Rg8+ Kd7 67. Rg7+ Kc8 68. Rg1 Rxf5 69. Bg3 Rf3 70. Rd1 Rc3 71. Rxd2 Rxc4
72. Kg2 Kb7 73. Kf3 Rd4 74. Rc2 Rd3+ 75. Kf4 Kc6 76. Bf2 Rd5 77. Ke4 Rh5 78.
Be3 Rd5 79. Rh2 Rd8 80. Rh5 Re8+ 81. Kd3 Rg8 82. Bxc5 Rg4 83. Bd4 Kd6 84. Kc4
Ke6 85. Re5+ Kd6 86. Rf5 Rg6 87. Ra5 Rg2 88. Ra6+ Kd7 89. Kd5 Rd2 90. Ra7+ Kd8
91. Ke5 Rd1 92. Be3 Kc8 93. Bc5 Kb8 94. Rh7 Ka8 95. Ke6 Rd3 96. Bd6 Rd1 97. Rc7
Rh1 98. Kd5 Rh5+ 99. Kc6 Rh6 100. Rd7 Rg6 101. Kb6 1-0

[Event "SUI-chT Bodan-Reichenstein"]
[Site "?"]
[Date "2009.04.26"]
[Round "3.5"]
[White "Fischer, Andre"]
[Black "Wirthensohn, Heinz"]
[Result "1/2-1/2"]
[WhiteElo "2226"]
[BlackElo "2396"]
[PlyCount "39"]
[EventDate "2009.04.27"]
[SourceDate "2001.01.01"]

1. e4 c5 2. c3 d5 3. exd5 Qxd5 4. d4 g6 5. Na3 Nf6 6. Nb5 Na6 7. Be3 Bg7 8.
dxc5 O-O 9. Be2 Qxd1+ 10. Rxd1 Ng4 11. b4 Nxe3 12. fxe3 Be6 13. Nf3 Rfc8 14.
Nbd4 Nc7 15. c4 Bd7 16. Kf2 a5 17. b5 Ne8 18. Nd2 Rxc5 19. Bf3 Nd6 20. N4b3
1/2-1/2

[Event "SUI-chT Reichenstein-Bodan"]
[Site "?"]
[Date "2009.04.26"]
[Round "3.6"]
[White "Heimann, Andreas"]
[Black "Pluess, Peter"]
[Result "1-0"]
[WhiteElo "2389"]
[BlackElo "2174"]
[PlyCount "53"]
[EventDate "2009.04.27"]
[SourceDate "2001.01.01"]

1. e4 c5 2. Nf3 e6 3. d4 cxd4 4. Nxd4 a6 5. c4 Nf6 6. Nc3 d6 7. Be2 Nbd7 8. O-O
b6 9. Be3 Bb7 10. f3 Be7 11. Qd2 O-O 12. a4 Rc8 13. a5 bxa5 14. Nb3 Nb6 15.
Nxa5 Ba8 16. Rfd1 Qc7 17. b4 Rfd8 18. Rab1 Ne8 19. Rdc1 Bf6 20. Bf1 Rb8 21. Qf2
Nd7 22. Na4 Rdc8 23. c5 dxc5 24. Bxa6 Rd8 25. Nxc5 Rxb4 26. Rxb4 Nxc5 27. Rxc5
1-0

[Event "SUI-chT Bodan-Reichenstein"]
[Site "?"]
[Date "2009.04.26"]
[Round "3.7"]
[White "Schmid, Michael"]
[Black "Kuehn, Peter"]
[Result "0-1"]
[WhiteElo "2208"]
[BlackElo "2412"]
[PlyCount "64"]
[EventDate "2009.04.27"]
[SourceDate "2001.01.01"]

1. Nf3 d5 2. g3 Nf6 3. Bg2 Bf5 4. d3 e6 5. O-O h6 6. Nbd2 Be7 7. Qe1 Bh7 8. e4
O-O 9. e5 Nfd7 10. Qe2 c5 11. Re1 Nc6 12. Nf1 b5 13. h4 a5 14. Bf4 a4 15. N1h2
c4 16. dxc4 bxc4 17. Rad1 Qb6 18. Bc1 Nb4 19. Nd4 Bc5 20. Nhf3 Nxa2 21. Be3 a3
22. Qd2 axb2 23. Bxh6 Bxd4 24. Qg5 Bxf2+ 25. Kh2 Bg6 26. h5 gxh6 27. Qxh6 Bxc2
28. Ng5 Bxe1 29. Rxe1 b1=Q 30. Rxb1 Bxb1 31. Bxd5 exd5 32. e6 Qb2+ 0-1

[Event "SUI-chT Reichenstein-Bodan"]
[Site "?"]
[Date "2009.04.26"]
[Round "3.8"]
[White "Maier, Christian"]
[Black "Monteforte-Fink, Klaus"]
[Result "1-0"]
[WhiteElo "2366"]
[BlackElo "2075"]
[PlyCount "77"]
[EventDate "2009.04.27"]
[SourceDate "2001.01.01"]

1. e4 c5 2. Nf3 Nc6 3. Bb5 g6 4. O-O Bg7 5. Nc3 Nf6 6. e5 Ng4 7. Bxc6 dxc6 8.
Re1 Nh6 9. Ne4 b6 10. Nf6+ Kf8 11. Ne4 Nf5 12. d3 h5 13. h3 Nd4 14. Neg5 Ne6
15. Nxe6+ Bxe6 16. Ng5 Qd7 17. Qf3 Kg8 18. a3 h4 19. b4 Bd5 20. Qe2 Rh5 21.
bxc5 Qf5 22. f4 f6 23. exf6 Bxf6 24. Rb1 Bd4+ 25. Kh2 Bxc5 26. Ne4 Bd4 27. Qf1
Qd7 28. c4 Be6 29. Bb2 Rf8 30. Qf3 Rhf5 31. Qg4 Bxb2 32. Rxb2 Bf7 33. Ng5 Qxd3
34. Qxh4 Rxg5 35. Qxg5 Bxc4 36. Rxe7 Qf5 37. Rxa7 Qxf4+ 38. Qxf4 Rxf4 39. Rxb6
1-0

[Event "SUI-chT Wollishofen-Mendrisio"]
[Site "?"]
[Date "2009.04.26"]
[Round "3.1"]
[White "Carron, Julien"]
[Black "Istratescu, Andrej"]
[Result "1/2-1/2"]
[WhiteElo "2411"]
[BlackElo "2617"]
[PlyCount "20"]
[EventDate "2009.04.26"]
[SourceDate "2001.01.01"]

1. d4 Nf6 2. c4 e6 3. g3 d5 4. Bg2 dxc4 5. Nf3 a6 6. O-O Nc6 7. Nc3 Rb8 8. e3
b5 9. Qe2 Be7 10. Rd1 Nd5 1/2-1/2

[Event "SUI-chT Mendrisio-Wollishofen"]
[Site "?"]
[Date "2009.04.26"]
[Round "3.2"]
[White "Glek, Igor"]
[Black "Prusikin, Michael"]
[Result "1-0"]
[WhiteElo "2534"]
[BlackElo "2552"]
[PlyCount "73"]
[EventDate "2009.04.26"]
[SourceDate "2001.01.01"]

1. e4 e5 2. Nf3 Nc6 3. Nc3 Nf6 4. g3 Bc5 5. Bg2 d6 6. d3 a6 7. O-O O-O 8. h3
Kh8 9. Kh2 Ng8 10. Nh4 Nge7 11. f4 exf4 12. Bxf4 Bd4 13. Qd2 Be6 14. Nd5 Be5
15. Bg5 f6 16. Be3 Bd4 17. Bxd4 Nxd4 18. c3 Ndc6 19. d4 Bg8 20. Ne3 Qd7 21. Rf2
d5 22. Qc2 Rae8 23. Raf1 dxe4 24. Bxe4 Nc8 25. Bf5 Qd8 26. Neg2 Nd6 27. Bg6 Re7
28. Nf4 Nf7 29. Bh5 g5 30. Nfg6+ hxg6 31. Nxg6+ Kg7 32. Nxf8 Kxf8 33. Rxf6 Qd5
34. Qg6 g4 35. Bxg4 Qe4 36. Rxf7+ Bxf7 37. Rxf7+ 1-0

[Event "SUI-chT Wollishofen-Mendrisio"]
[Site "?"]
[Date "2009.04.26"]
[Round "3.3"]
[White "Hochstrasser, Michael"]
[Black "Godena, Michele"]
[Result "1-0"]
[WhiteElo "2358"]
[BlackElo "2548"]
[PlyCount "75"]
[EventDate "2009.04.26"]
[SourceDate "2001.01.01"]

1. d4 d5 2. c4 e6 3. Nc3 c6 4. Nf3 Nf6 5. cxd5 exd5 6. Qc2 Nbd7 7. Bg5 Be7 8.
e3 Nh5 9. Bxe7 Qxe7 10. O-O-O Nb6 11. Kb1 g6 12. Bd3 Bg4 13. Ka1 Nf6 14. Rc1
Bxf3 15. gxf3 Rd8 16. f4 Kf8 17. h4 Nc8 18. Rce1 c5 19. dxc5 Qxc5 20. f5 Nd6
21. Rd1 Re8 22. Qa4 Nde4 23. Bxe4 dxe4 24. h5 gxf5 25. Rd4 Rg8 26. Rc4 Qb6 27.
Rb4 Qa6 28. Qb3 b6 29. Nd5 Nxd5 30. Qxd5 Qd3 31. Rd4 Qc2 32. Qd6+ Re7 33. Qh6+
Ke8 34. Rhd1 Qc7 35. Qc6+ Kf8 36. Rd8+ Kg7 37. h6+ Kh8 38. Qf6# 1-0

[Event "SUI-chT Mendrisio-Wollishofen"]
[Site "?"]
[Date "2009.04.26"]
[Round "3.4"]
[White "Sedina, Yelena"]
[Black "Moor, Olivier"]
[Result "0-1"]
[WhiteElo "2374"]
[BlackElo "2368"]
[PlyCount "96"]
[EventDate "2009.04.26"]
[SourceDate "2001.01.01"]

1. e4 e6 2. d4 d5 3. e5 c5 4. c3 Nc6 5. Nf3 Bd7 6. Be2 Nge7 7. Na3 cxd4 8. cxd4
Ng6 9. Nc2 f6 10. Bd3 Be7 11. O-O O-O 12. Re1 Rc8 13. exf6 Bxf6 14. Bxg6 hxg6
15. Be3 g5 16. h3 Be7 17. Rc1 Be8 18. Ne5 Qa5 19. a3 Nxe5 20. dxe5 Ba4 21. b4
Qa6 22. Qd2 Bxc2 23. Rxc2 Qxa3 24. Rxc8 Rxc8 25. Rb1 Rc4 26. Bc5 Bxc5 27. bxc5
Qxc5 28. Rxb7 Rc2 29. Qxg5 Qxf2+ 30. Kh2 Qf8 31. Rxa7 Rf2 32. Rd7 Qf4+ 33. Qxf4
Rxf4 34. Re7 Re4 35. Rxe6 Kf7 36. Ra6 Rxe5 37. Kg3 Re6 38. Rxe6 Kxe6 39. Kf4
Kf6 40. h4 Kg6 41. Ke5 Kh5 42. g3 Kg4 43. Kxd5 Kxg3 44. h5 Kg4 45. h6 gxh6 46.
Ke4 h5 47. Ke3 Kg3 48. Ke2 Kg2 0-1

[Event "SUI-chT Wollishofen-Mendrisio"]
[Site "?"]
[Date "2009.04.26"]
[Round "3.5"]
[White "Moor, Roger"]
[Black "Bellini, Fabio"]
[Result "1/2-1/2"]
[WhiteElo "2337"]
[BlackElo "2480"]
[PlyCount "76"]
[EventDate "2009.04.26"]
[SourceDate "2001.01.01"]

1. Nf3 c5 2. c4 g6 3. g3 Bg7 4. Bg2 Nc6 5. Nc3 Nh6 6. h4 d6 7. h5 Bg4 8. d3 Rb8
9. Bf4 f6 10. Bxh6 Bxh6 11. hxg6 hxg6 12. Qc1 Bh5 13. e3 Bxf3 14. Bxf3 Kf7 15.
Qd2 Qa5 16. Bg2 Bg7 17. Ke2 f5 18. f4 Bf6 19. Bf3 g5 20. Rxh8 Rxh8 21. Rh1 Rxh1
22. Bxh1 Qd8 23. Bg2 Qg8 24. Kf1 gxf4 25. gxf4 Bh4 26. Bxc6 bxc6 27. Qg2 Qb8
28. Qe2 Qh8 29. Nd1 Bf6 30. Qg2 Qh5 31. Ke1 Qh8 32. Qxc6 Qh2 33. Qf3 Bxb2 34.
Nxb2 Qxb2 35. Qh5+ Ke6 36. Qg6+ Qf6 37. Qxf6+ Kxf6 38. Kf2 e6 1/2-1/2

[Event "SUI-chT Mendrisio-Wollishofen"]
[Site "?"]
[Date "2009.04.26"]
[Round "3.6"]
[White "Aranovitch, Emiliano"]
[Black "Maeser, Fabian"]
[Result "1/2-1/2"]
[WhiteElo "2334"]
[BlackElo "2303"]
[PlyCount "60"]
[EventDate "2009.04.26"]
[SourceDate "2001.01.01"]

1. e4 d5 2. exd5 Qxd5 3. Nc3 Qa5 4. d4 c6 5. Nf3 Bf5 6. Bd2 e6 7. Nh4 Bg6 8.
Nxg6 hxg6 9. g3 Nf6 10. Bg2 Nbd7 11. Nd5 Qd8 12. Nxf6+ Nxf6 13. c3 Be7 14. O-O
O-O 15. b4 Nd5 16. a4 Qd7 17. Qb3 b5 18. axb5 cxb5 19. Ra6 Bd8 20. Rfa1 Bb6 21.
Qc2 Rac8 22. Qd3 Rc4 23. Qf3 Rfc8 24. R6a3 R4c7 25. h4 Rd8 26. R1a2 Rdc8 27.
Bf1 Rb7 28. Qd3 Rbc7 29. Qf3 Rb7 30. Qd3 Rbc7 1/2-1/2

[Event "SUI-chT Wollishofen-Mendrisio"]
[Site "?"]
[Date "2009.04.26"]
[Round "3.7"]
[White "Gaehler, Marco"]
[Black "Vezzosi, Paolo"]
[Result "0-1"]
[WhiteElo "2337"]
[BlackElo "2312"]
[PlyCount "94"]
[EventDate "2009.04.26"]
[SourceDate "2001.01.01"]

1. e4 c6 2. d4 d5 3. e5 Bf5 4. Nf3 e6 5. c4 dxc4 6. Bxc4 Nd7 7. O-O Nb6 8. Bb3
Ne7 9. Nc3 Bg4 10. Bg5 Qd7 11. h3 Bh5 12. Ne4 Ned5 13. Rc1 h6 14. Bd2 Rd8 15.
Qe2 Be7 16. Kh1 Nc7 17. Rfd1 Nbd5 18. a3 Nb5 19. g4 Bg6 20. a4 Nbc7 21. Nc5
Bxc5 22. Rxc5 Na6 23. Rc4 Qe7 24. Kh2 h5 25. Kg3 hxg4 26. hxg4 Qc7 27. a5 Kd7
28. Ba4 Qb8 29. Rxc6 bxc6 30. Qxa6 Rc8 31. Rc1 Ke7 32. Bxc6 Kf8 33. b4 Kg8 34.
b5 Bd3 35. Rc5 Rh1 36. Ng5 Rd1 37. Bxd5 Rxc5 38. Bxe6 Rc7 39. Bxf7+ Rxf7 40.
Qe6 Qb7 41. Nxf7 Qxf7 42. Qc8+ Kh7 43. Be3 Be4 44. Kh4 Qf3 45. Kg5 Rh1 46. b6
axb6 47. axb6 Rh6 0-1